书目信息 |
| 题名: |
焊工操作技能大全
|
|
| 作者: | 孙景荣 主编 | |
| 分册: | ||
| 出版信息: | 北京 化学工业出版社 2014.11 |
|
| 页数: | 444页 | |
| 开本: | 21cm | |
| 丛书名: | ||
| 单 册: | ||
| 中图分类: | TG4 | |
| 科图分类: | ||
| 主题词: | 焊接--han jie--基本知识 | |
| 电子资源: | ||
| ISBN: | 978-7-122-21133-0 | |
| 000 | 00909nam0 2200253 450 | |
| 001 | CAL 0120141416960 | |
| 005 | 20150807082751.40 | |
| 010 | @a978-7-122-21133-0@dCNY49.00 | |
| 100 | @a20141023d2014 em y0chiy50 ea | |
| 101 | 0 | @achi |
| 102 | @aCN@b110000 | |
| 105 | @aak a 000yy | |
| 106 | @ar | |
| 200 | 1 | @a焊工操作技能大全@Ahan gong cao zuo ji neng da quan@f孙景荣主编 |
| 210 | @a北京@c化学工业出版社@d2014.11 | |
| 215 | @a444页@c图@d21cm | |
| 320 | @a有书目 (第444页) | |
| 330 | @a本书着重介绍了焊条电弧焊、手工钨极氩弧焊、有色金属的手工钨极氩弧焊、埋弧自动焊、二氧化碳气体保护焊、气焊与气割等常用焊接方法的操作技能以及特殊焊接方法的操作, 焊接质量检验与试验, 焊工操作技能考试及管理和焊接安全技术等内容。 | |
| 586 | @a | |
| 606 | 0 | @a焊接@Ahan jie@x基本知识 |
| 690 | @aTG4@v5 | |
| 701 | 0 | @a孙景荣@Asun jing rong@4主编 |
| 801 | 0 | @aCN@c20150820 |
| 905 | @a河南城建学院图书馆@dTG4@eS927@f3 | |
| 焊工操作技能大全/孙景荣主编.-北京:化学工业出版社,2014.11 |
| 444页:图;21cm |
| ISBN 978-7-122-21133-0:CNY49.00 |
| 本书着重介绍了焊条电弧焊、手工钨极氩弧焊、有色金属的手工钨极氩弧焊、埋弧自动焊、二氧化碳气体保护焊、气焊与气割等常用焊接方法的操作技能以及特殊焊接方法的操作, 焊接质量检验与试验, 焊工操作技能考试及管理和焊接安全技术等内容。 |
| ● |
| 相关链接 |
|
|
|
正题名:焊工操作技能大全
索取号:TG4/S927
 
预约/预借
| 序号 | 登录号 | 条形码 | 馆藏地/架位号 | 状态 | 备注 |
| 1 | 1162908 | 211629086 | 自科二线400A/400A自科库 26排1列2层/ [索取号:TG4/S927] | 在馆 | |
| 2 | 1162909 | 211629095 | 自科库501/501自科库 26排3列5层/ [索取号:TG4/S927] | 在馆 | |
| 3 | 1162910 | 211629102 | 自科库501/501自科库 26排3列5层/ [索取号:TG4/S927] | 在馆 |